Catálogo

Vista normal Vista MARC

Entrada Personal Name

Número de registros utilizados en: 1

001 - CONTROL NUMBER

  • control field: 9195

003 - CONTROL NUMBER IDENTIFIER

  • control field: DLC

005 - DATE AND TIME OF LATEST TRANSACTION

  • control field: 20210811084027.0

008 - FIXED-LENGTH DATA ELEMENTS

  • fixed length control field: 860320n| acannaabn |n aaa

010 ## - LIBRARY OF CONGRESS CONTROL NUMBER

  • LC control number: n 85210325

035 ## - SYSTEM CONTROL NUMBER

  • System control number: (OCoLC)oca01541614

040 ## - CATALOGING SOURCE

  • Original cataloging agency: DLC
  • Language of cataloging: spa
  • Transcribing agency: Mx-PuUPA
  • Modifying agency: DLC
  • Modifying agency: OCoLC
  • Modifying agency: DLC
  • Modifying agency: Mx-PuUPA
  • Description conventions: rda

100 1# - HEADING--PERSONAL NAME

  • Personal name: Huber, David Miles,

372 ## - FIELD OF ACTIVITY

  • Field of activity: Música electrónica
  • Field of activity: Géneros de sonido envolvente.
  • Field of activity: Audio digital

374 ## - OCCUPATION

  • Occupation: Productor
  • Occupation: Musico
  • Occupation: Autor
  • Occupation: Consultor de la industria de grabación

375 ## - GENDER

  • Gender: hombre

377 ## - ASSOCIATED LANGUAGE

  • Language code: eng

670 ## - SOURCE DATA FOUND

  • Source citation: Runstein, R.E. Modern recording techniques, c1986:
  • Information found: t.p. (David Miles Huber) p. 4 of cover (b. Connersville, Ind.; degree in recording techniques (I.L.P.), Indiana Univ.; works with Playback, Seattle, Wash.; member of Audio Engineering Society)

670 ## - SOURCE DATA FOUND

  • Source citation: Modern Recording Tecniques, 2018:
  • Information found: portada (David Miles Huber)